000 00767nam a2200205 a 4500
003 0
005 20250429112942.0
008 050808s19uu xx 00 eng d
050 _aPHS LB 3098
_b.C53 2005
100 _aClareza, Kathleen May O.
245 _aComparative study on the students' perception on the performance of the student council /
_cKathleen May O. Clareza.
260 _aLas PiƱas City, Philippines :
_bSouthville International School and Colleges,
_c2005.
300 _a30 pages ;
_c28 cm.
504 _aIncludes bibliographical references.
650 _2Library of Congress Subject Headings
_aStudent government.
650 _aSchool management and organization.
650 _aEducational leadership.
942 _2lcc
_cPASS
999 _c97207
_d97207